| 000 | 01036nam a2200217 i 4500 | ||
|---|---|---|---|
| 001 | 153038 | ||
| 003 | ES-MaACL | ||
| 005 | 20250626063200.0 | ||
| 008 | 960201s1881 sp |||| | spa d | ||
| 040 |
_aAS _bspa _cCCPB | SIC |
||
| 100 | 1 |
_aGodard, Léon, _d1825-1863 _9138231 |
|
| 245 | 1 | 3 |
_aEl catolicismo y la democracia _b: conformidad de las doctrinas de los teologos con los principios del 89 / _cpor un profesor del gran Seminario de Paris ; puesto en castellano con una introducción y notas por Enrique Muñiz ; adicionado con documentos referentes a la Unión Católica en España. |
| 260 |
_aMadrid : _b[s.n.], _c1881 ( _fImprenta de Alvarez Hermanos) |
||
| 300 |
_a206 p. ; _c20 cm. |
||
| 650 | 4 |
_aCristianismo y política- _xIglesia Católica. _9160900 |
|
| 650 | 4 |
_aDerecho constitucional- _zFrancia. _9152211 |
|
| 700 | 0 |
_aMuñiz, Enrique. _984261 |
|
| 852 |
_aES-MaACL _jT-793-F-2 _z-- Enc. hol., conservando la cub. original _z-- Enc. en un vol. facticio |
||
| 999 |
_c153038 _d153038 |
||